Music Quiz

Random Music or Kpop Quiz
Score 0/99 Timer 13:00
0 Plays Today
group song % Correct
nct dreamboom
92.1%
blackpinkwhistle
90.7%
blackpinkas if its your last
87.6%
blackpinkplaying with fire
86.3%
apink%% (eung eung)
85.2%
clcme
84.9%
btsdna
84.5%
(g) i-dlelatata
83.8%
apinki'm so sick
83.8%
(g) i-dleuh oh
81.4%
clcblack dress
80.4%
ikonlove scenario
79.7%
iz*onevioleta
79.4%
(g) i-dlesenorita
78.7%
exomama
78.4%
iz*onela vie en rose
78.4%
exoblooming day
77%
nct dreamgo
77%
clcdevil
76.6%
btsblood, sweat and tears
76.6%
dreamcatcherwhat
75.6%
loonabutterfly
74.6%
day6congratulations
74.2%
i.o.ivery very very
74.2%
got7a
73.5%
btsspring day
73.5%
f(x)4 walls
73.2%
ikonkilling me
72.9%
gfriendrough
70.8%
dreamcatcherdeja vu
64.9%
i.o.idream girls
64.6%
got7look
64.3%
nct 127superhuman
63.2%
group song % Correct
dreamcatcheryou and i
61.5%
gfriendtime for the moon night
60.1%
gugudannot that type
60.1%
gfriendnavillera
59.8%
twicefancy
59.1%
monsta xbeautiful
58.4%
wanna oneenergetic
57.7%
ikonbling bling
57.7%
red velvetrussian roulette
55%
i.o.idownpour
55%
gugudanthe boots
54.3%
twicelike ooh-ahh
51.9%
shineeview
51.2%
pentagongorilla
50.9%
day6i wait
50.5%
nct 127limitless
49.5%
nct dreammy first and last
49.1%
exolucky one
48.8%
seventeenthanks
47.8%
f(x)rum pum pum pum
47.4%
apinkremember
47.1%
weki mekicrush
46.7%
shineegood evening
46.7%
weki mekipicky picky
46.4%
monsta xjealousy
45.7%
day6days gone by
44.7%
loona [solo]heart attack
44%
twicesignal
43%
loonalove4eva
43%
the boyzno air
42.6%
the boyzbloom bloom
42.6%
oh my girlsecret garden
42.3%
monsta xall in
41.9%
group song % Correct
red velvetbe natural
41.9%
wanna onespring breeze
41.2%
oh my girlliar liar
40.2%
f(x)nu abo
40.2%
pentagonrunaway
39.9%
wonder girlswhy so lonely
39.9%
oh my girlcloser
39.5%
the rosebaby
39.2%
the rosesorry
38.8%
pentagoncritical beauty
35.7%
gugudanwonderland
34.7%
wjsnsave me, save you
32.3%
shinee1 of 1
32%
the roseshes in the rain
31.6%
red velvetone of these nights
30.9%
weki mekila la la
30.9%
loona [solo]new
30.2%
wjsnla la love
29.9%
wanna onelight
27.5%
loonasweet crazy love
24.7%
got7teenager
23%
wjsnhappy
22.3%
the boyzright here
20.6%
loona [solo]let me in
20.3%
wonder girlsso hot
19.6%
wonder girlsi feel you
18.2%
nct 127chain
17.9%
stray kidsmirror
17.5%
stray kidsvoices
16.5%
stray kidsgrr
15.8%
iz*onesukito iwasetai
12%
seventeentrauma
10.3%
seventeenmy i
4.8%
Remove Ads.
Support Sporcle.
Get the best of Sporcle when you Go Orange. This ad-free experience offers more features, more stats, and more fun while also helping to support Sporcle. Thank you for becoming a member.

You're not logged in!

Compare scores with friends on all Sporcle quizzes.
OR
Log In

Show Comments

Extras

Top Quizzes Today


Score Distribution

Your Account Isn't Verified!

In order to create a playlist on Sporcle, you need to verify the email address you used during registration. Go to your Sporcle Settings to finish the process.

Report this User

Report this user for behavior that violates our Community Guidelines.

Details: